Blancanieves / (Registro nro. 12152)

Detalles MARC
000 -LIDER
fixed length control field 00839nam a22002537a 4500
003 - IDENTIFICACDOR DE NÚMERO DE CONTROL
control field DO-SdBNP
005 - DATE AND TIME OF LATEST TRANSACTION
control field 20180219133620.0
008 - ELEMENTOS DE LONGITUD FIJA
fixed length control field 161129b 2001 cl a 00| 0 spa d
020 ## - ISBN
International Standard Book Number 9789583008399
040 ## - FUENTE DE CATALOGACIÓN
Agencia que crea de manera original el registro BPMSU
Idioma de catalogación spa
Agencia que realiza la transcripción BPMSU
082 #4 - NÚMERO DE CLASIFICACIÓN DECIMAL DE DEWEY
Classification number xxxx
Item number xxxx
100 1# - ASIENTO PRINCIPAL -- NOMBRE PERSONAL
Nombre personal Grimm, Jacob
245 10 - MENCIÓN DE TITULO
Título Blancanieves /
Mención de responsabilidad Jacob Grimm, Wilhelm Grimm ; ilustraciones Javier Fernando Porras ; edición Mireya Fonseca Leal
260 ## - PUBLICACIÓN, DISTRIBUCIÓN, ETC. (PIE DE IMPRENTA)
Lugar de publicación, distribución, etc Barcelona :
Nombre del editor, distribuidor, etc. Panamericana,
Fecha de publicación, distribución, etc 2001.
Fecha de impresión (3a reimpresión del 2008).
300 ## - DESCRIPCIÓN FÍSICA
Extensión 8 p. :
Otros detalles físicos il.,
Dimensiones 27 cm.
490 1# - MENCIÓN DE SERIES
Mención de serie Biblioteca del cuento
700 12 - ASIENTO SECUNDARIO -- NOMBRE PERSONAL
Nombre personal Grimm, Wilhelm
700 12 - ASIENTO SECUNDARIO -- NOMBRE PERSONAL
Nombre personal Porras Rodríguez, Javier Fernando
Mención de responsabilidad il.
700 12 - ASIENTO SECUNDARIO -- NOMBRE PERSONAL
Nombre personal Fonseca Leal, Mireya,
Mención de responsabilidad ed.
830 #0 - ASIENTO SECUNDARIO DE SERIE--TÍTULO UNIFORME
Título uniforme Biblioteca del cuento
942 ## - ADDED ENTRY ELEMENTS (KOHA)
Source of classification or shelving scheme Dewey Decimal Classification
Koha item type Libros
945 ## - INFORMACIÓN DE PROCESAMIENTO LOCAL
Información de procesamiento local Inventariado, 2018 / BT
956 ## - LOCAL ELECTRONIC LOCATION AND ACCESS (OCLC)
Nombre de host BTAVÁREZ
Número de acceso 10
Trayectoria 20162911
Nombre Electrónico BPMSU
Procesador de solicitud 0038
Existencias
Withdrawn status Lost status Source of classification or shelving scheme Damaged status Not for loan Collection code Home library Current library Date acquired Source of acquisition Total Checkouts Full call number Barcode Date last seen Price effective from Koha item type Copy number
    Dewey Decimal Classification     Colección Infantil General Biblioteca Pública Metropolitana Salomé Ureña Biblioteca Pública Metropolitana Salomé Ureña 11/29/2016 Sin sellar   xxxxxxxxxx xxxxxxxxxx BPMSU16111636 11/29/2016 11/29/2016 Libros  
    Dewey Decimal Classification     Colección Infantil General Biblioteca Pública Metropolitana Salomé Ureña Biblioteca Pública Metropolitana Salomé Ureña 11/29/2016 Sin sellar   xxxxxxxxxx xxxxxxxxxx BPMSU16111637 11/29/2016 11/29/2016 Libros e. 2
    Dewey Decimal Classification     Colección Infantil General Biblioteca Pública Metropolitana Salomé Ureña Biblioteca Pública Metropolitana Salomé Ureña 11/29/2016 Sin sellar   xxxxxxxxxx xxxxxxxxxx BPMSU16111638 11/29/2016 11/29/2016 Libros e. 3